[Event "LSS No Engine Cup 209 Final"]
[Site "LSS email"]
[Date "2021.05.12"]
[Round "?"]
[White "Gavrileteanu, Lucian"]
[Black "Rivas Maceda, Juan"]
[Result "0-1"]
[WhiteElo "2193"]
[BlackElo "2220"]
[PlyCount "112"]
[EventDate "2021.05.12"]
[EventType "tourn (corr)"]
[EventRounds "6"]
[EventCountry "GER"]
[SourceTitle "Corr 2024"]
[Source "ChessBase"]
[SourceDate "2023.10.19"]
[SourceVersion "1"]
[SourceVersionDate "2023.10.19"]
[SourceQuality "1"]

1. e4 c5 2. Nf3 d6 3. d4 cxd4 4. Nxd4 Nf6 5. Nc3 a6 6. Be3 Ng4 7. Bg5 h6 8. Bh4 g5 9. Bg3 Bg7 10. h3 Nf6 11. Be2 0-0 12. Qd2 b5 13. a3 e5 14. Nb3 Be6 15. 0-0-0 Nc6 16. Qxd6 Qc8 17. Qd3 b4 18. Nd5 bxa3 19. bxa3 Rd8 20. Qc4 Rd7 21. Rd2 Rb7 22. f3 Nh5 23. Bh2 Bf8 24. Kb2 a5 25. a4 Rc7 26. c3 Raa7 27. Qd3 Rab7 28. Qe3 Nf4 29. Bb5 Bxd5 30. exd5 Na7 31. d6 Nxb5 32. axb5 Rd7 33. Bxf4 Rxb5 34. Bxe5 Qc4 35. Ka1 Rxb3 36. Ra2 Rxd6 37. Bxd6 Rxc3 38. Qe4 Bg7 39. Rb2 Rc1+ 40. Rxc1 Qxc1+ 41. Qb1 Bxb2+ 42. Ka2 Qc4+ 43. Kxb2 Qd4+ 44. Kc2 Qxd6 45. Qb5 Qg3 46. Qe2 a4 47. Kb1 Qb8+ 48. Ka1 Qb6 49. Qd1 Qf2 50. g4 a3 51. Qb3 Qc5 52. Ka2 Kg7 53. Qd3 Qb4 54. Qc2 Qb2+ 55. Qxb2+ axb2 56. Kxb2 Kf6 0-1

[Event "LSS No Engine Cup 209 Final"]
[Site "LSS email"]
[Date "2021.05.12"]
[Round "?"]
[White "Krebs, Hans"]
[Black "Gavrileteanu, Lucian"]
[Result "0-1"]
[WhiteElo "1799"]
[BlackElo "2193"]
[PlyCount "36"]
[EventDate "2021.05.12"]
[EventType "tourn (corr)"]
[EventRounds "6"]
[EventCountry "GER"]
[SourceTitle "Corr 2024"]
[Source "ChessBase"]
[SourceDate "2023.10.19"]
[SourceVersion "1"]
[SourceVersionDate "2023.10.19"]
[SourceQuality "1"]

1. e4 c5 2. Nf3 d6 3. Nc3 Nf6 4. e5 dxe5 5. Nxe5 a6 6. Be2 e6 7. 0-0 Qc7 8. f4 Nbd7 9. Nxd7 Bxd7 10. d3 Be7 11. Bf3 Rd8 12. Be3 0-0 13. g3 Rfe8 14. a3 h6 15. Rb1 b5 16. b4 cxb4 17. Ne4 Nxe4 18. Bxe4 bxa3 0-1

[Event "LSS No Engine Cup 209 Final"]
[Site "LSS email"]
[Date "2021.05.12"]
[Round "?"]
[White "Wuttke, Bodo"]
[Black "Gavrileteanu, Lucian"]
[Result "1/2-1/2"]
[WhiteElo "2132"]
[BlackElo "2193"]
[PlyCount "78"]
[EventDate "2021.05.12"]
[EventType "tourn (corr)"]
[EventRounds "6"]
[EventCountry "GER"]
[SourceTitle "Corr 2024"]
[Source "ChessBase"]
[SourceDate "2023.10.19"]
[SourceVersion "1"]
[SourceVersionDate "2023.10.19"]
[SourceQuality "1"]

1. d4 d5 2. c4 c6 3. cxd5 cxd5 4. Nc3 Nf6 5. Bf4 Nc6 6. e3 a6 7. Nf3 Bg4 8. h3 Bxf3 9. Qxf3 Qb6 10. Rb1 e6 11. Be2 Be7 12. 0-0 0-0 13. a3 Rac8 14. Rfc1 Na5 15. Bd3 h6 16. Qd1 Nc4 17. Rc2 Rc6 18. b3 Nxa3 19. Na4 Qa7 20. Rxc6 bxc6 21. Rc1 Qb7 22. Nc5 Bxc5 23. Rxc5 Rc8 24. Ra5 Nb5 25. b4 Ra8 26. Ra1 Nc3 27. Qb3 Nb5 28. g4 Nd7 29. Qb2 Re8 30. Bg3 Nf6 31. Qc2 Nd7 32. Rc1 Na7 33. Qc3 Nf6 34. f3 Nd7 35. h4 Rc8 36. Kg2 Nb5 37. Qd2 Ra8 38. Qc2 Rc8 39. Ra1 Ra8 1/2-1/2

[Event "LSS No Engine Cup 202 Final"]
[Site "LSS email"]
[Date "2020.12.13"]
[Round "?"]
[White "Louro, Eugenio"]
[Black "Gavrileteanu, Lucian"]
[Result "0-1"]
[WhiteElo "1992"]
[BlackElo "2189"]
[PlyCount "62"]
[EventDate "2020.12.13"]
[EventType "tourn (corr)"]
[EventRounds "6"]
[EventCountry "GER"]
[SourceTitle "Corr 2024"]
[Source "ChessBase"]
[SourceDate "2023.10.19"]
[SourceVersion "1"]
[SourceVersionDate "2023.10.19"]
[SourceQuality "1"]

1. c4 e5 2. Nc3 Nf6 3. g3 Bb4 4. Qb3 Nc6 5. Bg2 0-0 6. a3 Bxc3 7. Qxc3 d5 8. d3 d4 9. Qc2 Bf5 10. b4 Re8 11. b5 Na5 12. Bd2 c5 13. Qa4 b6 14. Bxa8 Qxa8 15. f3 e4 16. 0-0-0 exf3 17. exf3 Nd7 18. g4 Bxg4 19. h4 Bf5 20. Bf4 Ne5 21. Bxe5 Rxe5 22. Rh2 Re3 23. Qc2 Qb8 24. Re2 Qf4 25. Kb2 Qxh4 26. Rg2 h5 27. Re2 Qg3 28. Rxe3 dxe3 29. Qe2 Qe5+ 30. Ka2 h4 31. Re1 Qc3 0-1

[Event "LSS No Engine Cup 202 Final"]
[Site "LSS email"]
[Date "2020.12.13"]
[Round "?"]
[White "Schleef, Harald"]
[Black "Gavrileteanu, Lucian"]
[Result "1/2-1/2"]
[WhiteElo "2326"]
[BlackElo "2189"]
[PlyCount "128"]
[EventDate "2020.12.13"]
[EventType "tourn (corr)"]
[EventRounds "6"]
[EventCountry "GER"]
[SourceTitle "Corr 2024"]
[Source "ChessBase"]
[SourceDate "2023.10.19"]
[SourceVersion "1"]
[SourceVersionDate "2023.10.19"]
[SourceQuality "1"]

1. e4 c5 2. Nf3 d6 3. Bb5+ Nd7 4. 0-0 a6 5. Bd3 Ngf6 6. a4 b6 7. Qe2 Bb7 8. c3 Qc7 9. Na3 e6 10. Bc2 Rc8 11. d3 Be7 12. h3 0-0 13. Bf4 Rfe8 14. Nc4 Nf8 15. Rfe1 Ng6 16. Bh2 e5 17. Bb3 b5 18. Ne3 Bf8 19. c4 bxc4 20. Bxc4 h6 21. Rab1 Rcd8 22. Qc2 Qd7 23. Bg3 Nh5 24. Nd5 Bxd5 25. Bxd5 Ne7 26. Bc4 Nc6 27. Qd1 Nxg3 28. fxg3 Nb4 29. Nd2 Be7 30. Nf1 Rf8 31. Ne3 g6 32. Rf1 h5 33. h4 Kg7 34. Qb3 f6 35. Be6 Qa7 36. Kh2 Nc6 37. Nc2 Rb8 38. Qd5 Qc7 39. Qc4 a5 40. b3 Bd8 41. Rf3 Qe7 42. Bd5 Qe8 43. Bxc6 Qxc6 44. Ne3 Qd7 45. Nd5 Rf7 46. Rbf1 Qb7 47. Rb1 Be7 48. Ne3 Qd7 49. Nd5 Bd8 50. Qa6 Rb7 51. Rf2 f5 52. exf5 gxf5 53. Qc4 Qe6 54. Rf3 Qg6 55. Rbf1 Rf8 56. Ne3 Rbf7 57. Kh1 Kh7 58. Qd5 Kg7 59. Kg1 Bc7 60. Qc6 Bb8 61. Qa6 Qe6 62. Qc4 Qg6 63. Nd5 Kh7 64. R1f2 Qh6 1/2-1/2

[Event "LSS No Engine Cup 202 Preliminary 0"]
[Site "LSS email"]
[Date "2020.04.04"]
[Round "?"]
[White "Zmolil, Karel"]
[Black "Gavrileteanu, Lucian"]
[Result "0-1"]
[WhiteElo "1338"]
[BlackElo "2059"]
[PlyCount "30"]
[EventDate "2020.04.04"]
[EventType "tourn (corr)"]
[EventRounds "6"]
[EventCountry "GER"]
[SourceTitle "Corr 2022"]
[Source "ChessBase"]
[SourceDate "2021.10.24"]
[SourceVersion "1"]
[SourceVersionDate "2021.10.24"]
[SourceQuality "1"]

1. e4 c5 2. Nf3 d6 3. Bc4 Nf6 4. Nc3 a6 5. a4 Nc6 6. h3 e6 7. 0-0 d5 8. exd5 exd5 9. Be2 d4 10. Na2 Bd6 11. d3 Bc7 12. Bg5 Qd6 13. Bh4 Nh5 14. Re1 0-0 15. Nxd4 Qh2+ 0-1

[Event "LSS No Engine Cup 188 Final"]
[Site "LSS email"]
[Date "2019.12.16"]
[Round "?"]
[White "Gavrileteanu, Lucian"]
[Black "Campbell, Iain"]
[Result "1-0"]
[WhiteElo "2135"]
[BlackElo "1830"]
[PlyCount "37"]
[EventDate "2019.12.17"]
[EventType "tourn (corr)"]
[EventRounds "6"]
[EventCountry "GER"]
[SourceTitle "Corr 2022"]
[Source "ChessBase"]
[SourceDate "2021.10.24"]
[SourceVersion "1"]
[SourceVersionDate "2021.10.24"]
[SourceQuality "1"]

1. e4 e6 2. d4 d5 3. Nc3 Nf6 4. e5 Nfd7 5. f4 c5 6. Nf3 Nc6 7. Be3 Be7 8. Qd2 0-0 9. dxc5 Nxc5 10. 0-0-0 a6 11. Kb1 b5 12. Bxc5 Bxc5 13. Bd3 b4 14. Bxh7+ Kh8 15. Na4 Be7 16. Bd3 Bd7 17. h4 Na5 18. Ng5 Kg8 19. Qe2 1-0

[Event "LSS No Engine Cup 187 Final"]
[Site "LSS email"]
[Date "2019.10.27"]
[Round "?"]
[White "Gavrileteanu, Lucian"]
[Black "Banshchykau, Valery"]
[Result "1-0"]
[WhiteElo "2125"]
[BlackElo "1946"]
[PlyCount "69"]
[EventDate "2019.10.27"]
[EventType "tourn (corr)"]
[EventRounds "6"]
[EventCountry "GER"]
[SourceTitle "Corr 2022"]
[Source "ChessBase"]
[SourceDate "2021.10.24"]
[SourceVersion "1"]
[SourceVersionDate "2021.10.24"]
[SourceQuality "1"]

1. e4 d6 2. d4 a6 3. Nf3 Nf6 4. Bd3 e6 5. 0-0 Be7 6. c4 Nc6 7. Nc3 0-0 8. a3 h6 9. b4 Nh7 10. Be3 Ng5 11. Nd2 Nh7 12. Qc2 Nf6 13. h3 e5 14. d5 Nd4 15. Bxd4 exd4 16. Ne2 Nd7 17. Nb3 Re8 18. f4 c5 19. bxc5 Nxc5 20. Nxc5 dxc5 21. e5 Bh4 22. Kh2 Qa5 23. Ng1 Bd8 24. Nf3 Qc7 25. Rae1 Rf8 26. d6 Qd7 27. Qe2 Qc6 28. f5 Re8 29. Qf2 Ba5 30. Re2 Bd8 31. Qg3 f6 32. Be4 Qd7 33. Bd5+ Kh8 34. e6 Qa4 35. Nh4 1-0

[Event "LSS No Engine Cup 187 Final"]
[Site "LSS email"]
[Date "2019.10.27"]
[Round "?"]
[White "Louro, Eugenio Diogo"]
[Black "Gavrileteanu, Lucian"]
[Result "1/2-1/2"]
[WhiteElo "1934"]
[BlackElo "2125"]
[PlyCount "128"]
[EventDate "2019.10.27"]
[EventType "tourn (corr)"]
[EventRounds "6"]
[EventCountry "GER"]
[SourceTitle "Corr 2022"]
[Source "ChessBase"]
[SourceDate "2021.10.24"]
[SourceVersion "1"]
[SourceVersionDate "2021.10.24"]
[SourceQuality "1"]

1. d4 d5 2. g3 Nf6 3. Bg2 c6 4. Nf3 Bg4 5. 0-0 Nbd7 6. Nbd2 h6 7. c4 e6 8. b3 Be7 9. h3 Bf5 10. Bb2 0-0 11. Rc1 Qc7 12. e3 Bd3 13. Re1 Bg6 14. Qe2 Ne4 15. a3 Bh5 16. Qd3 f5 17. cxd5 exd5 18. Ne5 Rae8 19. Rc2 Bd6 20. f4 Ndf6 21. Kh2 g5 22. Qf1 Qg7 23. Nxe4 dxe4 24. b4 a6 25. Nc4 Bc7 26. Qf2 Bf7 27. Ne5 Kh7 28. Bf1 Be6 29. Be2 Nd5 30. Bc4 Rg8 31. Bxd5 Bxd5 32. Rg1 Qe7 33. Qe1 Ref8 34. Rcg2 Rg7 35. Qe2 Qf6 36. Qc2 Bd6 37. Qf2 Bc7 38. Qc2 Qd8 39. Qe2 Be6 40. Qc2 Rfg8 41. Bc3 Qf8 42. Qe2 Qf6 43. Qc2 Qd8 44. Qd2 Qe8 45. Qe2 g4 46. h4 Bd5 47. Rc1 h5 48. Rgg1 Qe6 49. Bb2 Rc8 50. a4 Bd8 51. Kg2 Rgc7 52. Qd2 Be7 53. Rge1 Bd6 54. Bc3 Bb3 55. Ra1 Ra8 56. Rec1 Rcc8 57. Qb2 Bd5 58. Rf1 Bf8 59. Rf2 b5 60. a5 Bd6 61. Rc1 Rc7 62. Qd2 Qe7 63. Qb2 Rd8 64. Rfc2 Rf8 1/2-1/2

[Event "LSS No Engine Cup 192 Preliminary 0"]
[Site "LSS email"]
[Date "2019.08.15"]
[Round "?"]
[White "Gavrileteanu, Lucian"]
[Black "Shim Ng Min, Francis"]
[Result "1-0"]
[WhiteElo "2124"]
[BlackElo "1488"]
[PlyCount "24"]
[EventDate "2019.08.16"]
[EventType "tourn (corr)"]
[EventRounds "6"]
[EventCountry "GER"]
[SourceTitle "Corr 2022"]
[Source "ChessBase"]
[SourceDate "2021.10.24"]
[SourceVersion "1"]
[SourceVersionDate "2021.10.24"]
[SourceQuality "1"]

1. e4 d5 2. exd5 Qxd5 3. Nc3 Qa5 4. d4 e6 5. Nf3 Nf6 6. Bd2 c6 7. Bd3 Be7 8. 0-0 0-0 9. Qe2 Nbd7 10. Ng5 Qd8 11. Rae1 h6 12. Nxe6 fxe6 1-0

[Event "LSS No Engine Cup 184 Final"]
[Site "LSS email"]
[Date "2019.08.09"]
[Round "?"]
[White "Gavrileteanu, Lucian"]
[Black "Henke, Simon"]
[Result "1-0"]
[WhiteElo "2124"]
[BlackElo "1996"]
[PlyCount "39"]
[EventDate "2019.08.10"]
[EventType "tourn (corr)"]
[EventRounds "6"]
[EventCountry "GER"]
[SourceTitle "Corr 2022"]
[Source "ChessBase"]
[SourceDate "2021.10.24"]
[SourceVersion "1"]
[SourceVersionDate "2021.10.24"]
[SourceQuality "1"]

1. e4 c5 2. Nf3 e6 3. d4 cxd4 4. Nxd4 Nc6 5. Nc3 Qc7 6. Be3 a6 7. Qf3 Nf6 8. 0-0-0 Bb4 9. Nxc6 Qxc6 10. Bd4 Bxc3 11. Bxc3 Qxe4 12. Qxe4 Nxe4 13. Bxg7 Rg8 14. Bd4 b5 15. Bd3 Bb7 16. f3 Nd6 17. Bf6 Nc4 18. Bxh7 Rxg2 19. Rdg1 Ne3 20. h4 1-0

[Event "LSS No Engine Cup 184 Final"]
[Site "LSS email"]
[Date "2019.08.09"]
[Round "?"]
[White "Van Bommel, Ton"]
[Black "Gavrileteanu, Lucian"]
[Result "1-0"]
[WhiteElo "2397"]
[BlackElo "2124"]
[PlyCount "96"]
[EventDate "2019.08.10"]
[EventType "tourn (corr)"]
[EventRounds "6"]
[EventCountry "GER"]
[SourceTitle "Corr 2022"]
[Source "ChessBase"]
[SourceDate "2021.10.24"]
[SourceVersion "1"]
[SourceVersionDate "2021.10.24"]
[SourceQuality "1"]

1. e4 c5 2. Nf3 d6 3. d4 cxd4 4. Nxd4 Nf6 5. Nc3 a6 6. Be3 e5 7. Nb3 Be6 8. Be2 Be7 9. Qd3 Nbd7 10. Nd5 0-0 11. 0-0 Bxd5 12. exd5 Rc8 13. c4 Ne8 14. Bd2 Bg5 15. Na5 Bxd2 16. Qxd2 Qb6 17. b4 Ndf6 18. Rfd1 Ne4 19. Qe1 f5 20. h3 N8f6 21. Bd3 g6 22. Rac1 Ng5 23. c5 dxc5 24. d6 Qxb4 25. Qxb4 cxb4 26. Nxb7 Rc3 27. Rb1 Rc6 28. Rxb4 Rfc8 29. Be2 Rc1 30. Rb1 Rxb1 31. Rxb1 Kf8 32. Bxa6 Nf7 33. a4 Ra8 34. Bc4 Rxa4 35. Rc1 Rb4 36. Bxf7 Kxf7 37. Rc7+ Ke6 38. Re7+ Kd5 39. Rxh7 e4 40. d7 Nxd7 41. Rxd7+ Kc6 42. Rd6+ Kxb7 43. Rxg6 Kc7 44. Rg5 Rb5 45. Kh2 Kd6 46. g4 e3 47. fxe3 Rb2+ 48. Kg3 fxg4 1-0

[Event "IECC KO-5099"]
[Site "IECC email"]
[Date "2019.04.09"]
[Round "?"]
[White "Gavrileteanu, Lucian"]
[Black "Kinna, Michael"]
[Result "0-1"]
[WhiteElo "2038"]
[BlackElo "1957"]
[PlyCount "32"]
[EventDate "2019.??.??"]
[EventType "match (corr)"]
[EventRounds "2"]
[SourceTitle "Corr 2020"]
[Source "ChessBase"]
[SourceDate "2019.09.30"]
[SourceVersion "1"]
[SourceVersionDate "2019.09.30"]
[SourceQuality "1"]
[WhiteTeam "Romania"]
[BlackTeam "Australia"]
[WhiteTeamCountry "ROU"]
[BlackTeamCountry "AUS"]

1. e4 c5 2. Nf3 d6 3. d4 Nf6 4. Nc3 cxd4 5. Nxd4 a6 6. Be3 e5 7. Nb3 Be6 8. f3 Be7 9. Qd2 0-0 10. 0-0-0 Nbd7 11. g4 b5 12. g5 Nh5 13. Nd5 Bxd5 14. exd5 Qc7 15. Na5 Nf4 16. h4 Nxd5 0-1

[Event "LSS No Engine Cup 188 Preliminary 0"]
[Site "LSS email"]
[Date "2019.03.14"]
[Round "?"]
[White "Gavrileteanu, Lucian"]
[Black "Etchepareborda, Juan"]
[Result "1-0"]
[WhiteElo "2098"]
[BlackElo "1334"]
[PlyCount "73"]
[EventDate "2019.03.15"]
[EventType "tourn (corr)"]
[EventRounds "6"]
[EventCountry "GER"]
[SourceTitle "Corr 2022"]
[Source "ChessBase"]
[SourceDate "2021.10.24"]
[SourceVersion "1"]
[SourceVersionDate "2021.10.24"]
[SourceQuality "1"]

1. e4 e6 2. d4 d5 3. Nc3 Bb4 4. e5 b6 5. a3 Bxc3+ 6. bxc3 Ba6 7. Bxa6 Nxa6 8. Qg4 g6 9. h4 c5 10. h5 Qd7 11. hxg6 fxg6 12. Ne2 Nc7 13. dxc5 bxc5 14. Rb1 Ne7 15. Bg5 0-0 16. Nf4 Nf5 17. Nxg6 hxg6 18. Bf6 Rxf6 19. exf6 Qf7 20. Qh3 Qxf6 21. Qh7+ Kf8 22. Qxc7 Qxc3+ 23. Kf1 Qg7 24. Qxc5+ Kg8 25. g4 Ne7 26. Rb7 Re8 27. Qd6 Qa1+ 28. Kg2 Qf6 29. Rb8 Nc8 30. Qc7 Qe7 31. Rxc8 Qxc7 32. Rxc7 a5 33. Rh6 g5 34. Rg6+ Kh8 35. Rc3 Kh7 36. Rxg5 Kh6 37. f4 1-0

[Event "LSS No Engine Cup 188 Preliminary 0"]
[Site "LSS email"]
[Date "2019.03.14"]
[Round "?"]
[White "Gavrileteanu, Lucian"]
[Black "Svrsek Jr, Radomir"]
[Result "1/2-1/2"]
[WhiteElo "2098"]
[BlackElo "1779"]
[PlyCount "76"]
[EventDate "2019.03.15"]
[EventType "tourn (corr)"]
[EventRounds "6"]
[EventCountry "GER"]
[SourceTitle "Corr 2022"]
[Source "ChessBase"]
[SourceDate "2021.10.24"]
[SourceVersion "1"]
[SourceVersionDate "2021.10.24"]
[SourceQuality "1"]

1. e4 e5 2. Nf3 Nc6 3. d4 exd4 4. Nxd4 Bc5 5. Be3 Qf6 6. c3 Nge7 7. Bc4 Ne5 8. Bb3 Qg6 9. 0-0 d5 10. f3 0-0 11. exd5 b6 12. Qe2 Re8 13. Na3 Nd3 14. Bc4 Bf5 15. Qd2 Bxa3 16. bxa3 Ne5 17. Bb5 Bd3 18. Bxe8 Bxf1 19. Bxf7+ Qxf7 20. Rxf1 Nxd5 21. Bf2 c5 22. Ne2 Nc4 23. Qc1 Re8 24. Re1 Re5 25. Ng3 Rxe1+ 26. Bxe1 h6 27. Qc2 Nde3 28. Qe2 Qd7 29. Ne4 Qd1 30. Qxd1 Nxd1 31. g4 Ne5 32. Kg2 Ne3+ 33. Kg3 Nd3 34. Bd2 Nf1+ 35. Kg2 Nxd2 36. Nxd2 Kf7 37. Kf1 Kf6 38. Ke2 Nf4+ 1/2-1/2

[Event "IECC 2018-3.03"]
[Site "IECC email"]
[Date "2019.03.03"]
[Round "?"]
[White "Gavrileteanu, Lucian"]
[Black "Canizares Cuadra, Pedro"]
[Result "1/2-1/2"]
[WhiteElo "2032"]
[BlackElo "2177"]
[PlyCount "92"]
[EventDate "2019.??.??"]
[EventType "tourn (corr)"]
[SourceTitle "Corr 2020"]
[Source "ChessBase"]
[SourceDate "2019.09.30"]
[SourceVersion "1"]
[SourceVersionDate "2019.09.30"]
[SourceQuality "1"]
[WhiteTeam "Romania"]
[BlackTeam "Spain"]
[WhiteTeamCountry "ROU"]
[BlackTeamCountry "ESP"]

1. e4 c5 2. Nf3 d6 3. d4 cxd4 4. Nxd4 Nf6 5. Nc3 a6 6. Be3 e5 7. Nb3 Be6 8. f3 h5 9. Nd5 Bxd5 10. exd5 Nbd7 11. Qd2 g6 12. Be2 Bg7 13. 0-0 b6 14. h3 0-0 15. Rac1 Re8 16. c3 Nh7 17. Bd3 Nhf6 18. Be2 Qc7 19. g4 Nc5 20. g5 Nfd7 21. Kg2 Qb7 22. Nxc5 bxc5 23. b3 Nb6 24. c4 a5 25. a4 e4 26. f4 Nc8 27. f5 gxf5 28. Rxf5 Ne7 29. Rff1 Qxb3 30. Bxh5 Ng6 31. Bf4 e3 32. Qe2 Qxa4 33. Bxd6 Qd7 34. Bg3 a4 35. d6 Ra7 36. Bf3 Be5 37. Bd5 Qxd6 38. Qxe3 Ree7 39. Rcd1 Bxg3 40. Bxf7+ Kh7 41. Bxg6+ Qxg6 42. Qxg3 Qe4+ 43. Kh2 a3 44. Rde1 Qd4 45. Rxe7+ Rxe7 46. Qxa3 Re2+ 1/2-1/2